Deserts by Country - Statistics

General Stats
  • This quiz has been taken 63 times
  • The average score is 13 of 18
Answer Stats
Hint Answer % Correct
Sahara Desert Morocco, Algeria, Tunisia +7 others
100%
Gobi Desert China, Mongolia
95%
Chihuahuan Desert USA, Mexico
95%
Patagonian Desert Chile, Argentina
93%
Atacama Desert Chile
91%
Sinai Desert Egypt
91%
Namib Desert Namibia, South Africa, Angola
89%
Mojave Desert USA
89%
Rub' Al Khali Desert Saudi Arabia
86%
Great Sandy Australia
84%
Sonoran Desert USA, Mexico
80%
Thar Desert India, Pakistan
70%
Taklamakan Desert China
61%
Dasht-e Kavir Desert Iran
57%
Tabernas Desert Spain
55%
Pinnacles Desert Australia
43%
Kaʻū Desert USA
30%
Accona Desert Italy
29%
No matching quizzes found
Score Distribution
Percent of People with Each Score
Percentile by Number Answered
Your Score History
You have not taken this quiz